| 000 | 00924nam a22002297a 4500 | ||
|---|---|---|---|
| 999 |
_c8778 _d8778 |
||
| 003 | AR-CdUCM | ||
| 008 | 190326b ||||| |||| 00| 0 spa d | ||
| 020 | _a978-84-7993-209-1 | ||
| 040 |
_aMUNICIPALIDAD PROVINCIAL DEL CUSCO _cBIBLIOTECA MUNICIPAL DEL CUSCO |
||
| 082 |
_a325 / _bG14 |
||
| 100 |
_aGalán Garcia, Agustín _924478 |
||
| 245 | _aLa presencia inglesa en Huelva: entre la seducción y el abandono / | ||
| 260 |
_aSevilla : _bUniversidad internacional de Andalucía, _c2011. |
||
| 300 |
_a283 páginas ; _bIlustraciones, _c22 cm. |
||
| 505 | _aIngleses, minería y cultura -- Los intereses extranjeras en las minerías -- Los rothschild en rió tinto, propiedad y control en el gigante minero ... | ||
| 650 |
_aMigración extranjera _924479 |
||
| 650 |
_aMineria _9430 |
||
| 650 |
_aControl social _924480 |
||
| 710 |
_aUniversidad internacional de Andalucía _924481 |
||
| 942 |
_2ddc _cLIBROS |
||
| 945 | _aacv | ||